000 00261nam a2200109Ia 4500
008 190216s9999||||xx |||||||||||||| ||und||
100 _aIndira Goswamy
245 0 _aHindi- Chinna Mastha
260 _bBharatheeya Jyan Peed
_c2003
650 _aHindi
942 _cBK
999 _c16141
_d16141